El pleito de Sandoval (Record no. 173840)
[ view plain ]
| 000 -LEADER | |
|---|---|
| campo de control de longitud fija | 00959nam a22002055i 4500 |
| 001 - NÚMERO DE CONTROL | |
| campo de control | 173840 |
| 003 - IDENTIFICADOR DE NÚMERO DE CONTROL | |
| campo de control | ES-MaACL |
| 005 - FECHA Y HORA DE LA ÚLTIMA TRANSACCIÓN | |
| campo de control | 20250522202838.0 |
| 008 - DATOS DE LONGITUD FIJA--INFORMACIÓN GENERAL | |
| campo de control de longitud fija | 100125s1876 sp |||| | spa d |
| 100 1# - ENTRADA PRINCIPAL--NOMBRE DE PERSONA | |
| Nombre de persona | Delacour, Alfred. |
| 9 (RLIN) | 43281 |
| 245 13 - MENCIÓN DEL TÍTULO | |
| Título | El pleito de Sandoval |
| Resto del título | : comedia en tres actos / |
| Mención de responsabilidad, etc. | escrita en francés por los Sres. Delacour y Hennequin ; y arreglada a la escena española por Ramón de Navarrete y Pedro Avial. |
| 260 ## - PUBLICACIÓN, DISTRIBUCIÓN, ETC. | |
| Lugar de publicación, distribución, etc. | Madrid : |
| Nombre del editor, distribuidor, etc. | [s.n.], |
| Fecha de publicación, distribución, etc. | 1876. |
| 300 ## - DESCRIPCIÓN FÍSICA | |
| Extensión | 68 p. ; |
| Dimensiones | 17 cm. |
| 500 ## - NOTA GENERAL | |
| Nota general | En port: Estrenada con gran aplauso en el teatro de La Comedia el 14 de febrero de 1876. |
| 700 1# - ENTRADA AGREGADA--NOMBRE PERSONAL | |
| Nombre de persona | Hennequin, Maurice. |
| 9 (RLIN) | 62556 |
| 700 1# - ENTRADA AGREGADA--NOMBRE PERSONAL | |
| Nombre de persona | Navarrete, Ramón de, |
| Fechas asociadas al nombre | 1818-1897 |
| 9 (RLIN) | 85042 |
| 700 1# - ENTRADA AGREGADA--NOMBRE PERSONAL | |
| Nombre de persona | Avial, Pedro. |
| 9 (RLIN) | 24037 |
| 852 ## - LOCALIZACIÓN | |
| Ubicación | ES-MaACL |
| Número de control de estantería | F-8620(5) |
| Nota libre | .- Enc. pasta española |
| condición física | .- Falto de la cub. original |
| Nota libre | .- Enc. en un vol. facticio formando parte de la col. facticia "Teatro español moderno", vol. 75 |
| Estatus retirado | Estado de pérdida | Estado de daño | No para préstamo | Colección | Biblioteca de origen | Biblioteca actual | Ubicación en estantería | Fecha de adquisición | Fuente de adquisición | Total de préstamos | Signatura topográfica completa | Código de barras | Visto por última vez | Precio de reemplazo | Tipo de ítem Koha |
|---|---|---|---|---|---|---|---|---|---|---|---|---|---|---|---|
| Libros del s. XIX | Biblioteca del Ateneo de Madrid | Biblioteca del Ateneo de Madrid | Sala Pecera Planta 2 | 25/01/2010 | F-8620(5) | 1182471 | 23/02/2023 | 23/02/2023 | Libro impreso antiguo |
